Why do different countries use different currencies?

Saved in:
Bibliographic Details
Main Author: Kocherlakota, Narayana
Other Authors: Krueger, Thomas
Format: Book
Language:English
Published: Washington International Monetary Fund 1998
Series:IMF Working paper WP/98/17
Subjects:
Tags: Add Tag
No Tags, Be the first to tag this record!

MARC

LEADER 00000nam a2200000 4500
001 c100849
005 20221221083933.8
041 0 |a eng 
044 |a US 
245 1 0 |a Why do different countries use different currencies?  |c Prepared by Narayana Kocherlakota and Thomas Krueger 
264 1 |a Washington  |b International Monetary Fund  |c 1998 
300 |a 22 s. 
490 1 |a IMF Working paper  |v WP/98/17 
830 0 |a IMF Working paper  |v WP/98/17 
610 2 0 |a peniaze 
610 2 0 |a mena 
610 2 0 |a únie menové 
610 2 0 |a modely 
100 1 |a Kocherlakota, Narayana 
700 1 |a Krueger, Thomas